Берлинская (Потсдамская) конференция руководителей трех союзных держав - СССР, США и Великобритании (17 июля - 2 августа 1945 г.); Советский Союз на международных конференциях периода Великой Отечественной войны 1941-1945 гг.

Detalles Bibliográficos
Parent link:Советский Союз на международных конференциях периода Великой Отечественной войны 1941-1945 гг.: Сборник документов. Т. 6.— , 1980
Idioma:ruso
Publicado: 1980
Subjects:
Formato: MixedMaterials Libro
KOHA link:https://koha.lib.tpu.ru/cgi-bin/koha/opac-detail.pl?biblionumber=17304

MARC

LEADER 00000nam0a2200000 4500
001 17304
005 20231030190841.0
035 |a (RuTPU)RU\TPU\book\17438 
035 |a BOOK00002126 
090 |a 17304 
100 |a 20011209d1980 km y0rusy50 ca 
101 0 |a rus 
102 |a RU 
105 |a a z 100zy 
200 1 |a Берлинская (Потсдамская) конференция руководителей трех союзных держав - СССР, США и Великобритании (17 июля - 2 августа 1945 г.) 
210 |d 1980 
215 |a 551 с.  |c ил. 
461 |t Советский Союз на международных конференциях периода Великой Отечественной войны 1941-1945 гг.  |o Сборник документов  |v Т. 6  |d 1980 
610 1 |a история 
610 1 |a СССР 
610 1 |a Великая Отечественная война 1941-1945 
610 1 |a 20 век 
610 1 |a международные отношения 
610 1 |a Берлинская (Потсдамская) конференция 
610 1 |a США 
610 1 |a Великобритания 
686 |a Т3(2)622-6  |v LBC/SL-A  |2 rubbk 
801 0 |a RU  |b 63413507  |c 20011209  |g PSBO 
801 2 |a RU  |b 63413507  |c 20100515  |g PSBO 
942 |c BK